=LDR 00000nam 2200000 4500 =001 INLIS000000000809608 =008 ###################################ind## =035 ##$$a 0010-0825000101 =245 ##$$a Konservasi Tanah / $c Teguh =260 ##$$b Citra Aji Gerakan =020 ##$$a 9789791464840 =084 ##$$a 643,3 TEG k =520 ##$$a Tanah dan konservasi tanah (ilmu tanah) =082 ##$$a 643.3